000 00592nam a22002297a 4500
003 UA-OsUOA
001 62001
007 ta
008 20070406b un ||||| |||| 00| 0 ukr d
100 _aКратко М.
090 _a929(477)
_bК78
942 _cBK
040 _aUA-OsUOA
_bukr
_cUA-OsUOA
_dUA-OsUOA
245 _aВолодимир Вернадський
300 _a63 с.
955 _a1
041 _aukr
080 _a929(477)
260 _aК.
_bАтлантЮЕмСі
_c2007
650 7 _a9 Географія. Біографії. Історія
_2UDC
999 _c347995
_d347995